El Ventall : (Amb dos finals alternatius en sengles apèndixs) / Carlo Goldoni ; traducció i presentació de Miquel Desclot (Amb dos finals alternatius en sengles apèndixs) / Carlo Goldoni ; traducció i presentació de Miquel Desclot
Descripción Física:
123 p. ; 17 cm
Otros Autores:
Desclot, Miquel, 1952-
MARC
| LEADER | 00000nam a2200000Ia 4500 | ||
|---|---|---|---|
| 001 | 10455 | ||
| 008 | 160829s1993 xx 000 0 cat d | ||
| 080 | |a L-1-176 | ||
| 100 | |a Goldoni, Carlo |9 22880 | ||
| 245 | |a El Ventall : |b (Amb dos finals alternatius en sengles apèndixs) / Carlo Goldoni ; traducció i presentació de Miquel Desclot | ||
| 260 | |a Barcelona : |b Institut del Teatre. Diputació de Barcelona, |c 1993 | ||
| 300 | |a 123 p. ; |c 17 cm | ||
| 490 | |a Col·lecció Popular de Teatre Clàssic Universal ; 35 | ||
| 590 | |a Bicentenari Goldoni. Edició commemorativa. | ||
| 700 | 1 | |a Desclot, Miquel, |d 1952- |e autor del pròleg, traductor |9 36136 | |
| 710 | 1 | |a Institut del Teatre (Barcelona, Catalunya) |9 52662 | |
| 901 | |a Arxiu | ||
| 942 | |n 1 |2 udc | ||
| 952 | |0 0 |1 0 |4 0 |6 L1176 |7 1 |9 44322 |a Arxiu |b Arxiu |d 2016-12-01 |l 0 |o L-1-176 |p 10455 |r 2016-12-01 00:00:00 |w 2016-12-01 |y ARXIU | ||
| 999 | |c 46902 |d 46902 | ||